000 00651nam a2200217 i 4500
003 IT-RoINE
005 20200721051301.0
008 980416s1997 sp | r ||| |bspa d
020 _a8477680884
040 _aSpMaBN
_bspa
_cSpMaBN
_erdc
100 1 _94072
_aSuárez, Federico,
_d1917-2005
245 1 0 _aVida y obra de Juan Donoso Cortés /
_cFederico Suárez.
260 _aPamplona :
_bEunate,
_c1997.
300 _a1088 p. ;
_c22 cm.
336 _2rdacontent
_atext
337 _2rdamedia
_aunmediated
338 _2rdacarrier
_avolume
500 _aIncluye índices.
600 1 4 _aDonoso Cortés, Juan,
_d1809-1853
_91544
_xBiografía
942 _cMTS
999 _c3360
_d3360